[Event "CZE-chT2E 1011"]
[Site "Czech Republic"]
[Date "2010.11.21"]
[Round "3.7"]
[White "Virgler, Karel"]
[Black "Smid, Jan Sr"]
[Result "1/2-1/2"]
[WhiteElo "1949"]
[BlackElo "1918"]
[PlyCount "55"]
[EventDate "2010.10.17"]
[EventType "team-tourn"]
[EventRounds "11"]
[EventCountry "CZE"]
[SourceTitle "EXT 2012"]
[Source "ChessBase"]
[SourceDate "2011.11.24"]
[SourceVersion "1"]
[SourceVersionDate "2011.11.24"]
[SourceQuality "1"]
[WhiteTeam "Prostejov"]
[BlackTeam "Stare Mesto III"]
[WhiteTeamCountry "CZE"]
[BlackTeamCountry "CZE"]

1. f4 d5 2. Nf3 Nf6 3. e3 e6 4. b3 b6 5. Bb2 Bb7 6. Bb5+ c6 7. Bd3 Ba6 8. Bxa6 Nxa6 9. Ne5 Rc8 10. 0-0 Bd6 11. Rf3 0-0 12. Rg3 g6 13. Qe2 Nb8 14. d3 Nbd7 15. Nd2 Qe7 16. Rf1 c5 17. a4 d4 18. Nxd7 Nxd7 19. e4 f5 20. e5 Bb8 21. Nf3 Rf7 22. Ba3 Qe8 23. h4 Rg7 24. Kf2 h5 25. Rh1 Bc7 26. Nd2 Nb8 27. Nc4 Qc6 28. Qf3 1/2-1/2

[Event "CZE-chT2E 0910"]
[Site "Czech Republic"]
[Date "2010.02.28"]
[Round "8.8"]
[White "Kocian, Miroslav"]
[Black "Virgler, Karel"]
[Result "1-0"]
[WhiteElo "2020"]
[BlackElo "1882"]
[PlyCount "75"]
[EventDate "2009.10.18"]
[EventType "team-tourn"]
[EventRounds "11"]
[EventCountry "CZE"]
[SourceTitle "EXT 2012"]
[Source "ChessBase"]
[SourceDate "2011.11.24"]
[SourceVersion "1"]
[SourceVersionDate "2011.11.24"]
[SourceQuality "1"]
[WhiteTeam "Zlin II"]
[BlackTeam "Prostejov"]
[WhiteTeamCountry "CZE"]
[BlackTeamCountry "CZE"]

1. e4 e6 2. d4 d5 3. Nd2 Nf6 4. e5 Nfd7 5. f4 c5 6. c3 Qb6 7. Ndf3 Nc6 8. Ne2 f5 9. g3 Be7 10. Bh3 cxd4 11. cxd4 Bb4+ 12. Kf1 h6 13. g4 0-0 14. gxf5 exf5 15. Qd3 g6 16. Nh4 Kh7 17. Rg1 Ne7 18. a3 Nc5 19. dxc5 Bxc5 20. Rg2 Bd7 21. b4 Bxb4 22. axb4 Bb5 23. Qd2 Rac8 24. Bb2 Rc4 25. Ke1 Re4 26. Bd4 Qd8 27. Bc5 Rg8 28. Kd1 Nc6 29. Nxf5 Bxe2+ 30. Rxe2 b6 31. Bd6 Rxe2 32. Qxe2 gxf5 33. Bxf5+ Kh8 34. Qh5 Rg1+ 35. Kd2 Rg2+ 36. Ke1 Kg7 37. Kf1 Qa8 38. Kxg2 1-0

[Event "CZE-chT2E 0910"]
[Site "Czech Republic"]
[Date "2009.12.06"]
[Round "4.7"]
[White "Virgler, Karel"]
[Black "Rafaja, Marek1111"]
[Result "1/2-1/2"]
[WhiteElo "1882"]
[BlackElo "1929"]
[PlyCount "157"]
[EventDate "2009.10.18"]
[EventType "team-tourn"]
[EventRounds "11"]
[EventCountry "CZE"]
[SourceTitle "EXT 2012"]
[Source "ChessBase"]
[SourceDate "2011.11.24"]
[SourceVersion "1"]
[SourceVersionDate "2011.11.24"]
[SourceQuality "1"]
[WhiteTeam "Prostejov"]
[BlackTeam "Holesov"]
[WhiteTeamCountry "CZE"]
[BlackTeamCountry "CZE"]

1. f4 d5 2. Nf3 Nf6 3. e3 g6 4. Bb5+ Bd7 5. Qe2 Bg7 6. 0-0 0-0 7. d4 a6 8. Bxd7 Nbxd7 9. c4 e6 10. Nc3 Nb6 11. c5 Nbd7 12. Ne5 c6 13. Rf3 Ne8 14. Nxd7 Qxd7 15. h4 Nf6 16. Bd2 Qe7 17. Raf1 h5 18. Qd3 Ng4 19. Be1 Rad8 20. Nd1 Rfe8 21. Rh3 Qf6 22. Bc3 Qf5 23. Qe2 Qe4 24. Rhf3 Rb8 25. Re1 Qf5 26. Ba5 Nf6 27. Bc7 Rbc8 28. Be5 Ne4 29. Bxg7 Kxg7 30. Kh2 Qg4 31. Rh3 Qxe2 32. Rxe2 Rb8 33. Nf2 Nxf2 34. Rxf2 b6 35. cxb6 Rxb6 36. Rhf3 Reb8 37. b3 a5 38. Rc2 a4 39. bxa4 Ra8 40. Kh3 Rxa4 41. g4 hxg4+ 42. Kxg4 Rba6 43. Rff2 Ra3 44. Rfe2 Kf6 45. Kf3 Kf5 46. Rg2 Rd3 47. Rgd2 Rxd2 48. Rxd2 Kf6 49. Kg4 Ra3 50. Re2 Rc3 51. h5 gxh5+ 52. Kxh5 Kf5 53. Kh4 Ke4 54. Kg5 Kf3 55. Re1 Kf2 56. Ra1 Ra3 57. Rh1 Rxe3 58. Rh2+ Kg3 59. Rc2 Rd3 60. Rxc6 Rxd4 61. Rc3+ Kf2 62. f5 exf5 63. Kxf5 Rd2 64. Rh3 Kg2 65. Ra3 d4 66. Ke4 Kf2 67. Rf3+ Ke2 68. Rxf7 d3 69. Rd7 Rd1 70. Rh7 Kd2 71. Kd4 Kc2 72. Rc7+ Kb2 73. a4 d2 74. Kd3 Rc1 75. Rb7+ Ka3 76. Kxd2 Rc4 77. a5 Ka4 78. a6 Rc8 79. a7 1/2-1/2